Space Jam - NBA Players - Statistics

General Stats
  • This quiz has been taken 26 times
  • The average score is 7 of 22
Answer Stats
Hint Answer % Correct
Leading Role Michael Jordan
100%
Supporting Role Charles Barkley
74%
Supporting Role Muggsy Bogues
70%
Supporting Role Patrick Ewing
70%
Supporting Role Larry Johnson
61%
Supporting Role Larry Bird
52%
Supporting Role Shawn Bradley
48%
Cameo Jeff Malone
39%
Cameo Anthony Miller
30%
Cameo Alonzo Mourning
22%
Cameo Derek Harper
22%
Cameo Steve Kerr
22%
Cameo Charles Oakley
17%
Cameo Horace Grant
17%
Cameo A.C. Green
13%
Cameo Danny Ainge
13%
Cameo Vlade Divac
9%
Cameo Luc Longley
4%
Cameo Bill Wennington
0%
Cameo Brian Shaw
0%
Cameo Cedric Ceballos
0%
Cameo Sharone Wright
0%
No matching quizzes found
Score Distribution
Percent of People with Each Score
Percentile by Number Answered
Your Score History
You have not taken this quiz